Tutti gli Stati che hanno controllato Cracovia - Statistics

Statistiche generali
  • Questo quiz è stato fatto 11 volte
  • Il punteggio medio è 19 su 31
Statistiche sulle risposte
con Immagini Hint Risposta % Corretto
1989 - Oggi Seconda Repubblica Polacca
90%
1815 - 1831 Città Libera di Cracovia
80%
1831 - 1846 Città Libera di Cracovia
80%
895 - 990 Ducato di Boemia
80%
990 - 1025 Ducato di Polonia
80%
1867 - 1918 Impero Austro-Ungarico (Granducato di Cracovia)
80%
1831 Impero Russo
80%
1939 - 1945 Terzo Reich
80%
1795 - 1804 Arciducato d'Austria
70%
1138 - 1227 Ducato di Polonia
70%
1804 - 1809 Impero Austriaco
70%
1846 - 1867 Impero Austriaco
70%
1241 Impero Mongolo
70%
1259 Impero Mongolo
70%
1655 Impero Svedese
70%
1702 Impero Svedese
70%
1918 - 1939 Prima Repubblica di Polonia
70%
1945 - 1989 Repubblica Popolare Polacca
70%
1569 - 1655 Confederazione polacco-lituana
60%
1655 - 1702 Confederazione polacco-lituana
60%
1702 - 1795 Confederazione polacco-lituana
60%
1291 - 1305 Regno di Boemia
60%
1809 - 1815 Ducato Francese di Varsavia
50%
874 - 895 Regno di Grande Moravia
50%
1320 - 1569 Secondo Regno di Polonia
40%
1227 - 1241 Ducato di Cracovia
30%
1241 - 1259 Ducato di Cracovia
30%
1259 - 1291 Ducato di Cracovia
30%
1305 - 1320 Ducato di Cracovia
30%
1025 - 1138 Primo Regno di Polonia
30%
800 - 874 Tribù Vistulane
20%
Nessun quiz corrispondente trovato
Distribuzione punteggi
Percentuale di utenti per punteggio
Percentile per numero di risposta
I tuoi punteggi nel tempo
Non hai fatto questo quiz